| 000 -LEADER |
| fixed length control field |
01254nam a22003617a 4500 |
| 001 - CONTROL NUMBER |
| control field |
4279402 |
| 003 - CONTROL NUMBER IDENTIFIER |
| control field |
OSt |
| 005 - DATE AND TIME OF LATEST TRANSACTION |
| control field |
20210426092439.0 |
| 008 - FIXED-LENGTH DATA ELEMENTS--GENERAL INFORMATION |
| fixed length control field |
851202s1986 caua b 001 0 eng c |
| 010 ## - LIBRARY OF CONGRESS CONTROL NUMBER |
| LC control number |
85030623 |
| 020 ## - INTERNATIONAL STANDARD BOOK NUMBER |
| International Standard Book Number |
0201126842 |
| 040 ## - CATALOGING SOURCE |
| Original cataloging agency |
DNLM/DLC |
| Transcribing agency |
DLC |
| Modifying agency |
eng |
| Language of cataloging |
eng |
| 041 ## - LANGUAGE CODE |
| Language code of text/sound track or separate title |
eng |
| 050 00 - LIBRARY OF CONGRESS CALL NUMBER |
| Classification number |
RT98 |
| Item number |
.F36 1986 |
| 060 ## - NATIONAL LIBRARY OF MEDICINE CALL NUMBER |
| Classification number |
WY 106 L831f |
| 080 ## - UNIVERSAL DECIMAL CLASSIFICATION NUMBER |
| Universal Decimal Classification number |
614 |
| Item number |
L-85 |
| 082 00 - DEWEY DECIMAL CLASSIFICATION NUMBER |
| Classification number |
610.73/43 |
| Edition number |
19 |
| 245 00 - TITLE STATEMENT |
| Title |
Family-centered nursing in the community / |
| Statement of responsibility, etc. |
[edited by] Barbara Bryan Logan, Cecilia E. Dawkins. |
| Remainder of title |
/ by: Addison-Wesley, Health Sciences Division |
| 260 ## - PUBLICATION, DISTRIBUTION, ETC. |
| Place of publication, distribution, etc. |
Menlo Park, Calif. : |
| Name of publisher, distributor, etc. |
Addison-Wesley, Health Sciences Division, |
| Date of publication, distribution, etc. |
c1986. |
| 300 ## - PHYSICAL DESCRIPTION |
| Extent |
xix, 809 p. : |
| Other physical details |
ill. ; |
| Dimensions |
25 cm. |
| 504 ## - BIBLIOGRAPHY, ETC. NOTE |
| Bibliography, etc. note |
Includes bibliographies and index. |
| 650 #0 - SUBJECT ADDED ENTRY--TOPICAL TERM |
| Topical term or geographic name entry element |
Community health nursing. |
| 650 #0 - SUBJECT ADDED ENTRY--TOPICAL TERM |
| Topical term or geographic name entry element |
Public Health |
| 9 (RLIN) |
337 |
| 650 #0 - SUBJECT ADDED ENTRY--TOPICAL TERM |
| Topical term or geographic name entry element |
Family medicine. |
| 650 #2 - SUBJECT ADDED ENTRY--TOPICAL TERM |
| Topical term or geographic name entry element |
Community Health Nursing. |
| 650 #2 - SUBJECT ADDED ENTRY--TOPICAL TERM |
| Topical term or geographic name entry element |
Family |
| General subdivision |
nurses' instruction. |
| 653 ## - INDEX TERM--UNCONTROLLED |
| Uncontrolled term |
საზოგადოებრივი ჯანდაცვა |
| 653 ## - INDEX TERM--UNCONTROLLED |
| Uncontrolled term |
საოჯახო მედიცინა |
| 700 1# - ADDED ENTRY--PERSONAL NAME |
| Personal name |
Dawkins, Cecilia E. |
| 700 1# - ADDED ENTRY--PERSONAL NAME |
| Personal name |
Logan, Barbara Bryan, |
| Dates associated with a name |
1943- |
| 906 ## - LOCAL DATA ELEMENT F, LDF (RLIN) |
| a |
7 |
| b |
cbc |
| c |
orignew |
| d |
1 |
| e |
ocip |
| f |
19 |
| g |
y-gencatlg |
| 942 ## - ADDED ENTRY ELEMENTS (KOHA) |
| Source of classification or shelving scheme |
|
| Koha item type |
Books |